000
00285nam a2200097Ia 4500
008
220204s9999 xx 000 0 und d
082
_a
NR:33ENQ(047)
_b
RUB;1
245
0
_a
Report of the mission of enquiry into the rubber industry of Malaya
260
_a
Malaysia
_b
RRIM
_c
1954
942
_c
BK
999
_c
19317
_d
19317